Thiết kế mô hình bể lắng xoáy phục vụ giảng dạy và nghiên cứu : Luận văn tốt nghiệp đại học. Chuyên ngành Khoa học Môi trường và QLTNTN

Saved in:
Bibliographic Details
Main Author: Bùi, Minh Triết
Format: Book
Language:Undetermined
Published: Cần Thơ Trường Đại học Cần Thơ 2009
Subjects:
Tags: Add Tag
No Tags, Be the first to tag this record!
Institutions: Trung tâm Học liệu Trường Đại học Cần Thơ
LEADER 00849nam a2200205Ia 4500
001 CTU_165291
008 210402s9999 xx 000 0 und d
082 |a 628.307 
082 |b Tr308 
100 |a Bùi, Minh Triết 
245 0 |a Thiết kế mô hình bể lắng xoáy phục vụ giảng dạy và nghiên cứu : 
245 0 |b Luận văn tốt nghiệp đại học. Chuyên ngành Khoa học Môi trường và QLTNTN 
245 0 |c Bùi Minh Triết ; Lê Hoàng Việt (Cán bộ hướng dẫn) 
260 |a Cần Thơ 
260 |b Trường Đại học Cần Thơ 
260 |c 2009 
650 |a Environmental protection,Sewerage,Factory and trade waste 
650 |x Purification,Management 
904 |i Giang 
980 |a Trung tâm Học liệu Trường Đại học Cần Thơ